Statistiken für Was ist größer? #2

Klicken Sie hier um das Quiz zu spielen!

Allgemein

  • Dieses Quiz wurde 197 mal gespielt
  • Das Durchschnittsergebnis liegt bei 9 aus 15

Antwortstatistiken

FrageAntwort% Korrekt
Mallorca oder Ibiza?Mallorca
93%
Iran oder Irak?Iran
91%
Machu Picchu oder Petra?Macchu Picchu
78%
Die Gobi Wüste oder die Kalahari Wüste?Gobi
76%
Slowakei oder Slovenien?Slowakei
76%
Borneo oder Neuguinea?Neuguinea
74%
Western Australia oder Queensland?Western Australia
67%
Lesotho oder Eswatini?Lesotho
64%
Wales oder Nordirland?Wales
61%
Dschibuti oder Kuwait?Dschibuti
52%
British Columbia oder Québec?Québec
49%
Der Malawisee oder der Tanganjikasee?Tanganjikasee
45%
Das Karibisches Meer oder das Mittelmeer?Karibisches Meer
41%
Die Britischen Jungferninseln oder die Amerikanischen Jungferninseln?Amerikanische Jungferninseln
38%
Brooklyn oder Queens?Queens
38%

Verteilung der Resultate

Perzentil nach korrekt beantworteten Fragen

Anzahl Personen mit jedem Resultat

Ihre Resultats-Entwicklung

Sie haben dieses Quiz noch nicht gespielt